|
|
|
|
| LEADER |
00959nam a22002297a 4500 |
| 001 |
AAL9677 |
| 003 |
BD-DhAAL |
| 005 |
20180715114133.0 |
| 008 |
180715m20111875 ||||| |||| 00| 0 en d |
| 999 |
|
|
|c 39775
|d 39775
|
| 020 |
|
|
|a 9789848815571
|
| 040 |
|
|
|a BD-DhAAL
|c BD-DhAAL
|
| 082 |
|
|
|a 891.44
|
| 100 |
|
|
|a চট্টোপাধ্যায়, বঙ্কিমচন্দ্র
|9 27283
|
| 245 |
|
|
|a কমলাকান্ত /
|c বঙ্কিমচন্দ্র চট্টোপাধ্যায়
|
| 260 |
|
|
|a ঢাকা :
|b ইউ পি এল,
|c ২০১১
|
| 300 |
|
|
|a ৯৩ পৃ. ;
|c ২২ সে.মি.
|
| 541 |
|
|
|e 9677
|
| 650 |
|
|
|a Bengali literature
|9 27284
|
| 852 |
|
|
|a Savar Campus Library
|c General Shelf
|
| 942 |
|
|
|2 ddc
|c BK
|
| 952 |
|
|
|0 0
|1 0
|2 ddc
|4 0
|6 891_440000000000000_CHA
|7 0
|9 63803
|a SCL
|b SCL
|c GEN
|d 2018-07-15
|e Development Book Agency
|g 180.00
|l 16
|m 32
|o 891.44 CHA
|p 3020009677
|r 2024-10-28
|s 2024-10-22
|t 1
|w 2018-07-15
|y BK
|